Batailles du Pacifique - Statistiques

Statistiques générales
  • Ce quiz a été pris 81 fois
  • Le résultat moyen est 7 sur 18
Réponses sur la Carte
Les réponses sont colorées sur une échelle allant du rouge au vert en fonction du pourcentage des utilisateurs qui les ont devinées à leur premier essai. Vous pouvez retrouver ces pourcentages ci-dessous.
 
Statistiques - réponses
réponses % Correct
bataille de Midway
87%
Pearl Harbor
87%
bombardement atomique d'Hiroshima
82%
bombardement atomique de Nagasaki
80%
bataille de Guadalcanal
73%
bataille d'Okinawa
66%
bataille d'Iwo Jima
62%
bataille de la mer de Corail
45%
Bataille de Guam
35%
raid de Doolittle
25%
Bataille de Saipan
17%
Bataille de Tinian
7%
bataille de l'île de Savo
3%
Bataille de Vella Lavella
3%
Bataille du golfe de Vella
3%
Bataille de Blackett
0%
Bataille de Nouvelle-Géorgie
0%
bataille du golfe de Kula
0%
Aucun quiz correspondant
Distribution des résultats
% des personnes avec chaque résultat
Percentile par nombre de réponses
Votre historique - résultats
Vous n’avez pas pris ce quiz